000 01149cam a2200349 i 4500
001 768714001
003 CO-MdFUSB
005 20230927102720.0
007 ta
008 950213t1995 kyu b 00||||eng|
020 _a0664255183
040 _aDLC
_cCO-MdFUSB
_dCO-MdFUSB
_bspa
_erda
041 _aeng
082 _223
_a222.9066
_bC886r
100 1 _aCraig, Kenneth M.,
_eautor
245 1 0 _aReading Esther
_b: a case for the literary carnivalesque
_c/ Kenneth M. Craig, Jr.
250 _aprimera edición
264 1 _aLouisville, Kentucky :
_bWestminster John Knox Press,
_c1995
264 4 _c© 1995
300 _a192 páginas
_c;22 cm.
336 _2rdacontent
_atexto
_btxt
337 _2rdamedia
_asin mediación
_bn
338 _2rdacarrier
_avolumen
_bnc
490 _aLiterary currents in Biblical interpretation
505 _aIntroducción -- El carnavalesco literario -- Esther y lo carnavalesco -- Preludio -- Peripets -- Parodia -- Purim.
563 _aTapa dura
630 0 7 _aBiblia.
_pEster
_xCrítica, interpretación, etc.
653 _aEster
942 _cBK
945 _aMag1104
999 _c68630
_d68630